000 01431nam a22003017a 4500
005 20160922020002.0
008 160718b2016 ck ao|||r|||| 00| 0 spa d
020 _a9789588947525
040 _aCO-BoIAVH
_cCO-BoIAVH
041 0 _aspa
044 _ack
082 0 4 _a333.91
_bG21c
100 1 _aGarcía Sánchez, Andrés
_eautor
245 1 0 _aComplejo de páramos de Sonsón territorios de agua y vida :
_bAportes para la cogobernanza ambiental /
_cAndrés García Sánchez [y otros 6]
260 _aMedellín, Colombia :
_bFondo Adaptación :
_bInstituto de Investigación de Recursos Biológicos Alexander von Humboldt :
_bTropenbos Internacional :
_bUniversidad de Antioquia :
_bInstituto de Estudios Regionales,
_c2016.
300 _a36 páginas :
_bilustraciones y fotografías a color ;
_c22 x 28 cm.
_e+ 1 CD-ROM
504 _aIncluye referencias bibliográficas: página 36.
650 2 6 _aPáramos
_zSonsón (Antioquia, Colombia)
650 2 6 _aPáramos
_xdelimitación
_zSonsón (Antioquia, Colombia)
650 2 6 _aPáramos
_xGestión
_zSonsón (Antioquia, Colombia)
700 1 _aPreciado, Bibiana
_eautora
700 1 _aPiedrahita, Irene
_eautora
700 1 _aRincón, Paola
_eautora
700 1 _aCifuentes, Victoria
_eautora
700 1 _aDiazgranados, Isabel
_eautora
700 1 _aPeña, Carolina
_eautora
942 _2ddc
_cLIBRO
_02
999 _c18874
_d18874